00000000cas 2200000zi 4500
0019.505155
003CaOODSP
00520260114141511
006m     o  d f      
007cr cn ||||||||
008150406d20022009onc x p o    f0   a0eng|d
022 |a1705-5245
040 |aCaOODSP|beng|erda|cCaOODSP
043 |an-cn---
0861 |aIu74-1E-PDF
222 0|aOSB newsletter |b(Online)
24500|aOSB newsletter.
2463 |aOffice of the Superintendent of Bankruptcy newsletter
264 1|aOttawa, Ontario : |bOffice of the Superintendent of Bankruptcy Canada, an agency of Industry Canada = Bureau du Surintendant des faillites Canada, un organisme d'Industrie Canada, |c[2002-2009?]
310 |aIrregular
336 |atext|btxt|2rdacontent
337 |acomputer|bc|2rdamedia
338 |aonline resource|bcr|2rdacarrier
3621 |aBegan with: 2002/1; ceased in 2009?
500 |aIssued also in French under title: Bulletin du BSF.
5203 |aContains news and information of interest to bankruptcy and insolvency professionals in Canada. It keeps the insolvency community apprised of the activities of the Office of the Superintendent of Bankruptcy (OSB), covering such items as parliamentary reviews, changes in the OSB's organizational structure, and developments in insolvency law and policy. Also includes summaries of recent bankruptcy decisions and analyses of insolvency trends in Canada.
588 |aDescription based on: 2002/1; title from PDF caption.
588 |aLatest issue consulted: 2008/10.
61010|aCanada. |bOffice of the Superintendent of Bankruptcy |vPeriodicals.
650 0|aBankruptcy|zCanada|vPeriodicals.
655 7|aPeriodicals|2lcgft
7101 |aCanada. |bOffice of the Superintendent of Bankruptcy, |eissuing body.
77508|tBulletin du BSF.|w(CaOODSP)9.501555
7760#|tOSB newsletter |w(CaOODSP)9.510898
7760#|tBulletin du BSF |w(CaOODSP)9.510899
78000|tInsolvency bulletin |w(CaOODSP)9.505664